Manifiesto Internacional /

Uloženo v:
Podrobná bibliografie
Korporace: Movimiento Revolucionario del Pueblo, MRP de Guatemala
Médium: Text
Vydáno: Guatemala: Movimiento Revolucionario del Pueblo (MRP Guatemala)
Tagy: Přidat tag
Žádné tagy, Buďte první, kdo vytvoří štítek k tomuto záznamu!

MARC

LEADER 00000 a a2200000 04500
001 21331
003
040
090 |a 093500  
110 |a Movimiento Revolucionario del Pueblo  
245 |a Manifiesto Internacional /  |c Movimiento Revolucionario del Pueblo  
260 |a Guatemala:   |b Movimiento Revolucionario del Pueblo (MRP Guatemala)  
300 |a 36 p.  
710 |a MRP de Guatemala  
999 |c 13250  |d 13250